000 00979nam a2200193Ia 4500
001 8468
003 GE_BSU
008 181216s||||||||xx |||||||||||||| ||und||
040 _cGE_BSU
245 _aხელისუფლება და საზოგადოება.#2(26)2013.
245 _bსამეცნიერო ჟურნალი.ისტორია,თეორია,პრაქტიკა.
245 _cმთ.რედ:შოთა დოღონაძე.
260 _aთბილისი
260 _c2013
300 _a128გვ;19სმ.
520 _aჟურნალი დაარსებულია 2005 წელს საქართველოს ტექნიკური უნივერისტეტის სახელმწიფო მართვის კათედრის მიერ.
653 _aხელისუფლება და საზოგადოება.#2(26)2013.
942 _cCR
999 _c41786
_d41786